Skład Norwich City na sezon 2021–22 w Premier League - Statystyki

Ogólne statystyki
  • Ten quiz został rozwiązany 6 razy
  • Średni wynik to 9 z 30
Statystyki odpowiedzi
Odpowiedź % Poprawnych
Teemu Pukki
100%
Przemysław Płacheta
83%
Tim Krul
83%
Christos Tzolis
67%
Josh Sargent
67%
Milot Rashica
67%
Adam Idah
50%
Grant Hanley
50%
Max Aarons
50%
Angus Gunn
33%
Billy Gilmour
33%
Daniel Farke
33%
Pierre Lees-Melou
33%
Todd Cantwell
33%
Ben Gibson
17%
Dean Smith
17%
Dimitris Giannoulis
17%
Jacob Sørensen
17%
Kenny McLean
17%
Lukas Rupp
17%
Mathias Normann
17%
Ozan Kabak
17%
Andrew Omobamidele
0%
Bali Mumba
0%
Brandon Williams
0%
Christoph Zimmermann
0%
Jonathan Rowe
0%
Kieran Dowell
0%
Sam Byram
0%
Tony Springett
0%
Nie znaleziono quizów pasujących do podanych kryteriów
Rozkład punktacji
Procent ludzi z każdym wynikiem
Percentyl według liczby udzielonych odpowiedzi
Twoja historia wyników
Nie rozwiązałeś tego quizu